000 00428nam a2200157Ia 4500
008 230718s9999 xx 000 0 und d
041 _aeng
082 _a004.16
_bVAL
100 _aValvono J.W.
245 _aEmbedded Microcomputer Systems
_bReal Time interfacing
260 _c2003
_bThomson Publication
300 _a840
365 _cRs.
_b412.25
700 _aValvono J.W.
906 _dB:103040010825-Sep-2003
_cCOMP
_b82.4
999 _c306043
_d306043